000 00202nam a2200073Ia 4500
008 170817s9999 xx 000 0 und d
100 _aGupta.R.P
245 0 _aPashchatya evam Bharatiya shikshashastri
260 _bAgarwal Prakashan Agara
999 _c39518
_d39518